01362nam a2200145 a 4500008004100000020001500041100002200056245008200078250001200160260003400172300001000206500011500216505087400331655001101205161215t1997 ag ||||g |||| 00| h spa d a95003033021 aCasona, Alejandro aProhibido suicidarse en primavera.bComedia en tres actos /cAlejandro Casona a19a ed. aBuenos Aires:bLosada;c1997. a85 p. aCasona, A. (1997). Prohibido suicidarse en primavera. Comedia en tres actos. (19a ed.). Buenos Aires : Losada. aAlejandro Casona -cuyo nombre era Alejandro Rodríguez Álvarez- nació en 1903 en Besullo (Oviedo), estudió arte escénico en el Conservatorio de Murcia, y Filosofía y Letras en Madrid. La sirena varada, su primera comedia, ganó el Premio Lope de Vega en 1943 y fue representada en el Español de Madrid por Margarita Xirgu. Luego de recorrer en misión artística varios países de América, Casona se radicó en Argentina, donde escribió sus obras mas conocidas. Habiendo regresado a España, falleció en 1965. Nueve piezas de Alejando Casona han sido reunidas por la Editorial Losada en tres volúmenes de su colección Gran Teatro del Mundo; varias de ellas igualmente famosas (La dama del alba, Nuestra Natacha, Los árboles mueren de pie, La serena varada y otras) se han editado también en esta Biblioteca Clásica y Contemporánea.  aTeatro